000 00289nam a22001337a 4500
008 171013b xxu||||| |||| 00| 0 eng d
020 _a0942728548
041 _aeng
080 _23RD
_a316
100 _a50
101 _aSOC
245 _aCOMMUNITY RELATIONS
_cPACE,D.F
942 _2udc
_cBK
999 _c33613
_d33613